000 00397nam a2200169Ia 4500
001 19379
003 IN-NITTTR
005 20251114233223.0
008 251113s9999||||xx |||||||||||||| ||eng||
040 _beng
040 _cIN-NITTTR
041 _aeng
082 _a005.13 S71R R
100 _aSessions, Roger
245 0 _aReusable data structures for C. /
_cSessions, Roger
942 _2ddc
_cBK
999 _c22013
_d22013